Online interaktívna plocha

Na minha lista:
Detalhes bibliográficos
Autor principal: Csöllei, Gabriel (Author)
Outros Autores: Tvarožek, Jozef (Thesis advisor)
Formato: Manuscrito Livro
Idioma:eslovaco
Publicado em: 2017
Assuntos:
Acesso em linha:http://is.stuba.sk/zp/portal_zp.pl?podrobnosti=106337
Tags: Adicionar Tag
Sem tags, seja o primeiro a adicionar uma tag!

MARC

LEADER 00000ntm a22000003a 4500
001 stuzp64380
003 SK-STU
005 20170624213323.5
007 ta
008 150427s2015----xo-----f-mn---000-0-slo-d
040 |a STU  |b slo 
041 0 |a slo 
100 1 |a Csöllei, Gabriel  |u 070200  |4 aut  |U FIIT Fakulta informatiky a informačných technológií  |T FIIT Ústav informatiky, informačných systémov a softvérového inžinierstva  |X 72033  |U I200  |Y 179  |7 72033 
242 0 1 |a Online interactive desktop  |y eng 
245 1 0 |a Online interaktívna plocha 
260 |c 2017 
650 4 |a Online interaktívna plocha  |2 slo 
650 4 |a Webová aplikácia  |2 slo 
650 4 |a Vzdelávanie  |2 slo 
650 4 |a Online interactive desktop  |2 eng 
650 4 |a Web application  |2 eng 
650 4 |a Education  |2 eng 
700 1 |a Tvarožek, Jozef  |u 070200  |k Z1  |4 ths  |U FIIT Fakulta informatiky a informačných technológií  |T FIIT Ústav informatiky, informačných systémov a softvérového inžinierstva  |X 52473  |U I200  |Y 179  |7 52473 
856 4 |u http://is.stuba.sk/zp/portal_zp.pl?podrobnosti=106337 
996 |c I* BAP200/17  |l II680  |s P  |a 0  |w stuzp64380_0001